00510nam a2200181 a 4500001001300000003000900013005001700022008004100039020002300080082001600103100002200119245007000141260002800211300001000239500003500249505002400284650002000308nice12345678IN_TiNIC20260116014407.0130927s2013 lona grp 000 0 eng  a9781780877488c42500a291.13bWAT aWaterfield, Robin aGreek Mythsb Stories of the Greek Gods and Heroes Vividly Retold aLondon bQuercus c2013 a316p  aincludes index and biblioraphy2 aBibliography, Index aMythology-Greek